Lovci monster. Fantom /
Původní česká sbírka z univerza Lovců monster (Monster Hunter International). 11 povídek, 10 od českých autorů a jedna od Larryho Correii.
Uloženo v:
| Série: | Lovci monster,
část |
|---|---|
| Další autoři: | , |
| Médium: | E-kniha |
| Jazyk: | Czech |
| Vydáno: |
Ostrava :
Fantom Print,
2023
|
| Vydání: | 1. vydání |
| Témata: | |
| Příbuzné jednotky: | Z cyklu::
Lovci monster |
| Tagy: |
Žádné tagy |
| LEADER | 03226nam a2200589 i 4500 | ||
|---|---|---|---|
| 001 | 311907 | ||
| 003 | CZ PrSKC | ||
| 005 | 20260601215713.0 | ||
| 007 | ta | ||
| 008 | 230418s2023 xr g 000 j cze | ||
| 015 | |a cnb003516092 | ||
| 020 | |a 9788075941336 |q (brožováno) | ||
| 035 | |a (OCoLC)1381701114 | ||
| 040 | |a ABG001 |b cze |d ABA001 |e rda | ||
| 041 | 1 | |a cze |h eng | |
| 043 | |a e-xr--- | ||
| 045 | |a y-y- | ||
| 072 | 7 | |a 821.162.3-3 |x Česká próza |2 Konspekt | |
| 080 | |a 821.162.3-32 |2 MRF | ||
| 080 | |a 82-322.9 |2 MRF | ||
| 080 | |a (437.3) |2 MRF | ||
| 080 | |a (0:82-322.9) |2 MRF | ||
| 080 | |a (082.21) |2 MRF | ||
| 245 | 0 | 0 | |a Lovci monster. |p Fantom / |c sestavili Martin Fajkus & Jakub Mařík |
| 246 | 3 | 0 | |a Fantom |
| 250 | |a 1. vydání | ||
| 264 | 1 | |a Ostrava : |b Fantom Print, |c 2023 | |
| 300 | |a 478 stran ; |c 21 cm | ||
| 336 | |a text |b txt |2 rdacontent | ||
| 337 | |a bez média |b n |2 rdamedia | ||
| 338 | |a svazek |b nc |2 rdacarrier | ||
| 500 | |a Přeloženo z angličtiny | ||
| 520 | 2 | |a Původní česká sbírka z univerza Lovců monster (Monster Hunter International). 11 povídek, 10 od českých autorů a jedna od Larryho Correii. |b Až dosud jsme mohli jen přihlížet, jak se s monstry, která se utrhla ze řetězu, dokážou vypořádat hlavně za Velkou louží. A nutno říci, že si Lovci monster vůbec nevedli špatně a získali si spoustu sympatií i v českých luzích a hájích, kde se to nejrůznějšími příšerami a mytologickými stvořeními jen hemží. To znamená, že podobně rázní řešitelé problémů musí působit i u nás. Desítka odvážných českých autorů se vydává po stopách Larryho Correii, aby mu ukázala, že i v Česku si umíme poradit s nadpřirozenou havětí nejrůznějšího druhu. Takže když narazíte na krvelačného hejkala, zlovolného vodníka či bezhlavého rytíře rozzuřeného doběla, dříve nebo později se v okolí objeví Lovci z ostravského Fantomu nebo někdo podobný a problém vyřeší. Nebo taky ne. Nakladatelská anotace. Kráceno. | |
| 648 | 7 | |a 21. století |7 ch460559 |2 czenas | |
| 650 | 0 | 7 | |a česká povídka |7 ph128146 |y 21. století |2 czenas |
| 650 | 0 | 7 | |a fantasy povídka |7 ph455184 |z Česko |y 21. století |2 czenas |
| 650 | 0 | 9 | |a Czech short stories |y 21st century |2 eczenas |
| 650 | 0 | 9 | |a fantasy short stories |z Czechia |y 21st century |2 eczenas |
| 655 | 7 | |a české povídky |7 fd133971 |2 czenas | |
| 655 | 7 | |a fantasy povídky |7 fd132238 |2 czenas | |
| 655 | 7 | |a antologie |7 fd131819 |2 czenas | |
| 655 | 9 | |a Czech short stories |2 eczenas | |
| 655 | 9 | |a fantasy short stories |2 eczenas | |
| 655 | 9 | |a anthology |2 eczenas | |
| 700 | 1 | |a Fajkus, Martin, |d 1970- |7 xx0056701 |4 com | |
| 700 | 1 | |a Mařík, Jakub, |d 1981- |7 xx0073715 |4 com | |
| 787 | 0 | 8 | |i Z cyklu: |t Lovci monster |
| 900 | |a ABA001 |b 21 | ||
| 044 | |a xr | ||
| 910 | |a RBIT002 | ||
| 998 | |d 373773 |a https://core.palmknihy.cz/api/books/373773/cover?rt1i0e |b https://core.palmknihy.cz/api/books/373773/cover/400?rt1i0e |c https://core.palmknihy.cz/api/books/373773/cover/50?rt1i0e |e 2029-04-13 |g 480 |i 9788075941336 |j https://core.palmknihy.cz/api/books/373773/preview.epub |l |q 49 |r 1 |s https://www.palmknihy.cz/kniha/373773 |t ebook |y 2023 |z 0 |v Lovci monster |w 0 | ||
| 999 | |d 311905 | ||